Obras completas en colaboración / (Record no. 183153)

MARC details
000 -LEADER
campo de control de longitud fija 00914nam a2200241 i 4500
001 - NÚMERO DE CONTROL
campo de control 183153
003 - IDENTIFICADOR DE NÚMERO DE CONTROL
campo de control ES-MaACL
005 - FECHA Y HORA DE LA ÚLTIMA TRANSACCIÓN
campo de control 20251122063141.0
008 - DATOS DE LONGITUD FIJA--INFORMACIÓN GENERAL
campo de control de longitud fija 140127s1981 sp |||| | spa d
020 ## - NÚMERO INTERNACIONAL ESTÁNDAR DEL LIBRO
Número Internacional Estándar del Libro 84-206-3995-8 (o.c.)
080 ## - NÚMERO DE LA CLASIFICACIÓN DECIMAL UNIVERSAL
Número de la Clasificación Decimal Universal 821.134.2(82)-82"19"
100 1# - ENTRADA PRINCIPAL--NOMBRE DE PERSONA
Nombre de persona Borges, Jorge Luis,
Fechas asociadas al nombre 1899-1986
9 (RLIN) 242526
245 10 - MENCIÓN DEL TÍTULO
Título Obras completas en colaboración /
Mención de responsabilidad, etc. Jorge Luis Borges.
260 ## - PUBLICACIÓN, DISTRIBUCIÓN, ETC.
Lugar de publicación, distribución, etc. Madrid :
Nombre del editor, distribuidor, etc. Alianza Editorial,
Fecha de publicación, distribución, etc. D.L. 1981.
300 ## - DESCRIPCIÓN FÍSICA
Extensión 2 v. (524, 512 p.) ;
Dimensiones 20 cm.
490 1# - MENCIÓN DE SERIE
Mención de serie Alianza Tres ;
Designación de volumen o secuencia 76, 108
505 8# - NOTA DE CONTENIDO CON FORMATO
Nota de contenido con formato Contiene: 1. Con Adolfo Bioy Casares -- 2. Con Betina Edelberg, Margarita Guerrero, Alicia Jurado, María Kodama y María Esther Vázquez
596 ## - NOTA AL PIE DE IMPRENTA
NOTA AL PIE DE IMPRENTA "Emecé"--Cubierta.
700 1# - ENTRADA AGREGADA--NOMBRE PERSONAL
Nombre de persona Bioy Casares, Adolfo.
9 (RLIN) 28953
830 00 - PUNTO DE ACCESO ADICIONAL DE SERIE-TÍTULO UNIFORME
Título uniforme Alianza tres
Designación de volumen o secuencia 76, 108
9 (RLIN) 177344
852 ## - LOCALIZACIÓN
Ubicación ES-MaACL
Número de control de estantería L-29973-74
Nota libre .- Donat. Miguel A. Velasco
Holdings
Estatus retirado Estado de pérdida Estado de daño No para préstamo Biblioteca de origen Biblioteca actual Ubicación en estantería Fecha de adquisición Fuente de adquisición Total de préstamos Signatura topográfica completa Código de barras Visto por última vez Precio de reemplazo Tipo de ítem Koha
        Biblioteca del Ateneo de Madrid Biblioteca del Ateneo de Madrid Depósito 2 27/01/2014     L-29973-74 1192498 23/02/2023 23/02/2023 Libro impreso